F1 2017 Grand Prix Winners - Statistics

General Stats
  • This quiz has been taken 113 times
  • The average score is 19 of 20
Answer Stats
Grand Prix Winner % Correct
Australia Sebastian Vettel
99%
China Lewis Hamilton
98%
Spain Lewis Hamilton
95%
Canada Lewis Hamilton
95%
USA Lewis Hamilton
94%
Bahrain Sebastian Vettel
94%
Russia Valtteri Bottas
94%
United Kingdom Lewis Hamilton
93%
Belgium Lewis Hamilton
93%
Italy Lewis Hamilton
93%
Singapore Lewis Hamilton
93%
Japan Lewis Hamilton
93%
Monaco Sebastian Vettel
93%
Hungary Sebastian Vettel
92%
Brazil Sebastian Vettel
92%
Austria Valtteri Bottas
92%
Abu Dhabi Valtteri Bottas
91%
Baku Daniel Ricciardo
89%
Malaysia Max Verstappen
89%
Mexico Max Verstappen
89%
No matching quizzes found
Score Distribution
Percent of People with Each Score
Percentile by Number Answered
Your Score History
You have not taken this quiz